Alternativas para el manejo integral de aguas subterráneas en las zonas de expansión occidental de la ciudad de Pereira / (Registro nro. 19856)

Detalles MARC
000 -CABECERA
Campo de control 01274nam a2200301 a 4500
005 - FECHA Y HORA DE LA ULTIMA TRANSACCION
Campo de control 20180803170425.0
008 - ELEMENTOS DE LONGITUD FIJA—INFORMACION GENERAL
Campo de control 170925s2016 ck ad|||r|||| 00| 0 spa d
020 ## - ISBN
ISBN 9789587222593
040 ## - FUENTE DE CATALOGACIÓN
Agencia catalogadora original CO-BoIAVH
Agencia transcriptora CO-BoIAVH
041 0# - IDIOMA
Código de idioma para texto/pista de sonido o título separado Español
044 ## - PAÍS DE PUBLICACIÓN
País de publicación Colombia
082 04 - NUMERO DE CLASIFICACION DECIMAL DEWEY
Número de clasificación 627.56
Número del ítem P22a
100 1# - ASIENTO PRINCIPAL--NOMBRE PERSONAL
Nombre personal Paredes-Cuervo, Diego
Término relacionado autor
9 (RLIN) 23861
245 10 - MENCION DE TITULO
Título Alternativas para el manejo integral de aguas subterráneas en las zonas de expansión occidental de la ciudad de Pereira /
Mención de responsabilidad Diego Paredes Cuervo [y otoros 3]
260 ## - PUBLICACION, DISTRIBUCION, ETC. (PIE DE IMPRENTA)
Lugar de publicación, distribución, etc. Pereira :
Nombre del editor, distribuidor, etc. Editorial de la Universidad Tecnológica de Pereira,
Fecha de publicación, distribución, etc. 2016.
300 ## - DESCRIPCION FISICA
Extensión 150 páginas :
Otros detalles físicos ilustraciones, gráficas y tablas ;
Dimensiones 24 x 17 cm.
490 0# - MENCION DE SERIE
Mención de serie Colección de trabajos de investigación
504 ## - NOTA DE BIBLIOGRAFIA, ETC.
Nota de bibliografía Incluye referencias bibliográficas.
650 26 - ASIENTO SECUNDARIO DE MATERIA - TERMINO TEMATICO
Término temático o nombre geográfico como elemento de entrada Aguas subterráneas
9 (RLIN) 84883
650 26 - ASIENTO SECUNDARIO DE MATERIA - TERMINO TEMATICO
Término temático o nombre geográfico como elemento de entrada Recursos hídricos
9 (RLIN) 92528
650 26 - ASIENTO SECUNDARIO DE MATERIA - TERMINO TEMATICO
Término temático o nombre geográfico como elemento de entrada Gestión ambiental
9 (RLIN) 92206
650 26 - ASIENTO SECUNDARIO DE MATERIA - TERMINO TEMATICO
Término temático o nombre geográfico como elemento de entrada Gestión ambiental
Subdivisión general Análisis del agua
Subdivisión geográfica Pereira (Risaralda, Colombia)
9 (RLIN) 84886
650 26 - ASIENTO SECUNDARIO DE MATERIA - TERMINO TEMATICO
Término temático o nombre geográfico como elemento de entrada Hidrología
Subdivisión general Aspectos ambientales
9 (RLIN) 84887
700 1# - ASIENTO SECUNDARIO - NOMBRE PERSONAL
Nombre personal Lasso Rosero, Julián Enrique
Término de relación autor
9 (RLIN) 84881
700 1# - ASIENTO SECUNDARIO - NOMBRE PERSONAL
Nombre personal Zuleta Lemus, Derly del Socorro
Término de relación autora
9 (RLIN) 84888
700 1# - ASIENTO SECUNDARIO - NOMBRE PERSONAL
Nombre personal Gómez Benítez, Melissa Andrea
Término de relación autora
9 (RLIN) 84889
942 ## - ELEMENTOS ADICIONALES (KOHA)
Sistema de clasificación Dewey Decimal Classification
Tipo de ítem Libro
Existencias
Withdrawn status Lost status Sistema de Clasificación Damaged status No para préstamo Colección Inventariado Ubicación Permanente Ubicación actual Fecha de adquisición Fuente de Valor Valor Total Checkouts Número topográfico Inventario / Código de Barras Date last seen Ejemplar Price effective from Forma de adquisición Tipo de material
    Dewey Decimal Classification     General Inventariado 2017 Bogotá Bogotá 25/09/2017 Instituto 39000.00   LB-627.56 P22a 041694 25/09/2017 Ej. 1 25/09/2017 Donación Libro
    Dewey Decimal Classification     General Inventariado 2017 Sala Fabio Quevedo Sala Fabio Quevedo 25/09/2017 Instituto 39000.00   LB627.56 P22a 041695 25/09/2017 Ej. 2 25/09/2017 Donación Libro